Представление документа в формате RUSMARC

ПолеНазваниеЗначение
  Тип записи a
  Библиографический уровень a
001 Контрольный номер RU/CBS_Ul/BASE/426447245
005 Дата корректировки 20240209175128.7
100 Данные общей обработки __
a Данные общей обработки 20130706d2013 ||| 0rusy0189 ca
101 Язык документа 0_
a Язык текста rus
102 Страна публикации __
a Страна публикации RU
105 Кодированные данные (монография) __
a Кодированные данные (монография) y###||||000|y
200 Заглавие и сведения об ответственности 1_
a Заглавие Из очерков о русской иконописи
b Общее обозначение материала Текст
e Сведения, относящиеся к заглавию [Прозрение ]
f Первые сведения об ответственности А. Торопцев
461 Уровень набора _0
1 2000
a Основы православной культуры
463 Уровень физической единицы _0
1 001RU/CBS_Ul/BASE/426177847
1 2000
a №2
v С. 128-136
1 210
d 2013
610 Ключевые слова 0_
a Ключевые слова иконопись
686 Индексы других классификаций __
a Классификационный индекс 85.143(2)
2 Код системы ББК
700 Автор _1
a Фамилия Торопцев
b Имя (инициалы) А.
g Полное личное имя Александр
801 Источник записи _0
a Страна RU
b Организация МБУК ЦБС г. Ульяновска
c Дата составления 20130706
g Правила каталогизации RCR
801 Источник записи _1
a Страна RU
b Организация МБУК ЦБС г. Ульяновска
c Дата составления 20130706
g Правила каталогизации RCR
901 Тип документа __
t Тип документа b
w Контрольный № источника RU/CBS_Ul/BASE/426177847
910 Корректоры записи __
a Корректор записи Луконина
938 Служебная информация __
a Имя БД period